| 000 | 00474 a2200157 4500 | ||
|---|---|---|---|
| 005 | 20250429090031.0 | ||
| 020 | _a0-07-287395-7 | ||
| 082 | _a658.049 HIL | ||
| 100 | _aHILL, C. W.L. | ||
| 245 | _aInternational Business: Competing Global. | ||
| 250 | _a5th Ed. | ||
| 260 |
_aNew York, _bMcgraw- Hill Irwin, _c2005. |
||
| 300 |
_axxiv, 720p.:Ill.;figures & table _bIndex _c26cm. |
||
| 856 |
_yAccess Online Book _fInternational business _dwww.mhhe.com/hill |
||
| 942 |
_2ddc _cBKS |
||
| 999 |
_c1748 _d1748 |
||